000 00869nam a2200229 a 4500
003 0
005 20250203100915.0
008 130830s19uu xx 00 eng d
050 _aPGS P 96.T48
_b.Au912 2013
100 _aAuditor, Matthew Frederick V.
245 _aTexting and study habits /
_cMatthew Frederick V. Auditor.
260 _aLas PiƱas City, Philippines :
_bSouthville International School and Colleges,
_c2013.
300 _a34 p. :
_bill. ;
_c28 cm.
504 _aIncludes bibliographical references.
650 _aText messaging
_vEffect on behavior.
650 _a Texting
_vImpact on study habits.
650 _a Study habits
_vElementary students.
650 _aTechnology and education
_vStudent behavior.
650 _aTechnology and learning
_vElementary students.
650 _a Social media
_vEffect on study habits.
942 _2lcc
_cPASS
999 _c99065
_d99065